Исследование влияния геометрических параметров на рассеивающую способность электролитов с различной зависимостью поляризации от плотности тока: автореферат диссертации на соискание ученой степени кандидата химических наук; спец. 05.17.03

Bibliographische Detailangaben
1. Verfasser: Кузнецов В. П. Владимир Петрович
Körperschaft: Московский химико-технологический институт им. Д. И. Менделеева (МХТИ)
Weitere Verfasser: Кудрявцев Н. Т. (научный руководитель), Начинов Г. Н.
Zusammenfassung:Защита сост. 20.12.1978 г.
Sprache:Russisch
Veröffentlicht: Москва, [Б. и.], 1978
Schlagworte:
Format: Buch
KOHA link:https://koha.lib.tpu.ru/cgi-bin/koha/opac-detail.pl?biblionumber=336066

MARC

LEADER 00000nam0a2200000 4500
001 336066
005 20231102004822.0
035 |a (RuTPU)RU\TPU\book\362482 
090 |a 336066 
100 |a 20171009d1978 k y0rusy50 ca 
101 0 |a rus 
102 |a RU 
105 |a a dm 001zy 
200 1 |a Исследование влияния геометрических параметров на рассеивающую способность электролитов с различной зависимостью поляризации от плотности тока  |e автореферат диссертации на соискание ученой степени кандидата химических наук  |e спец. 05.17.03  |f В. П. Кузнецов  |g Московский химико-технологический институт им. Д. И. Менделеева (МХТИ) ; науч. рук. Н. Т. Кудрявцев, Г. Н. Начинов 
210 |a Москва  |c [Б. и.]  |d 1978 
215 |a 20 с.  |c ил. 
300 |a Защита сост. 20.12.1978 г. 
320 |a Библиогр.: с. 19 (7 назв.) 
606 1 |a Электролиты  |x (химия)  |2 stltpush  |3 (RuTPU)RU\TPU\subj\20123  |9 45259 
610 1 |a электрохимия 
610 1 |a рассеивающая способность 
610 1 |a поляризация 
610 1 |a меднение 
610 1 |a геометрические параметры 
610 1 |a электрический ток 
610 1 |a электродные процессы 
610 1 |a авторефераты диссертаций 
610 1 |a библиотека А. Г. Стромберга 
675 |a 544.6.018.4(04)  |v 4 
686 |a 05.17.03  |2 oksvnk 
700 1 |a Кузнецов  |b В. П.  |g Владимир Петрович 
702 1 |a Кудрявцев  |b Н. Т.  |4 727 
702 1 |a Начинов  |b Г. Н.  |4 727 
712 0 2 |a Московский химико-технологический институт им. Д. И. Менделеева (МХТИ)  |2 stltpush  |3 (RuTPU)RU\TPU\col\1701 
801 1 |a RU  |b 63413507  |c 20171009 
801 2 |a RU  |b 63413507  |c 20180126  |g RCR 
942 |c BK